Costa Rica hacia el siglo XXI: balance de las reformas económicas 1983-1998 /
El documento ofrece 12 visiones parciales de las principales tendencias de la reforma económica de la década y media que termina en 1998, presentando una diversidad de puntos de vista para la reflexión en torno al tema de la reforma económica.
Saved in:
| Main Author: | |
|---|---|
| Other Authors: | |
| Format: | Text |
| Language: | Spanish |
| Published: |
Heredia:
EFUNA
1999
|
| Subjects: | |
| Tags: |
Add Tag
No Tags, Be the first to tag this record!
|
MARC
| LEADER | 00000 a a2200000 04500 | ||
|---|---|---|---|
| 001 | 33173 | ||
| 003 | cru CIDCACS/IIS | ||
| 005 | 20230707095021.0 | ||
| 008 | 230424e1999 cr ||||| |||| 00| 0 spa d | ||
| 020 | |a 9968-14-064-3 | ||
| 040 | |c CRAI/IIS | ||
| 090 | |a 02.01.01 C813c | ||
| 100 | |a Conejo Fernández, Carlos | ||
| 245 | |a Costa Rica hacia el siglo XXI: balance de las reformas económicas 1983-1998 / |c Carlos Conejo Fernández | ||
| 260 | |a Heredia: |b EFUNA |c 1999 | ||
| 300 | |a 405 p. | ||
| 500 | |a Fotocopia. | ||
| 520 | |a El documento ofrece 12 visiones parciales de las principales tendencias de la reforma económica de la década y media que termina en 1998, presentando una diversidad de puntos de vista para la reflexión en torno al tema de la reforma económica. | ||
| 650 | |a MACROECONOMIA | ||
| 650 | |a DESARROLLO SOCIAL | ||
| 650 | |a ASPECTOS SOCIALES | ||
| 650 | |a POLITICA LABORAL | ||
| 650 | |a INFLACION | ||
| 650 | |a DESARROLLO INDUSTRIAL | ||
| 650 | |a POLITICA ECONOMICA | ||
| 650 | |a POLITICA SOCIAL | ||
| 650 | |a POLITICA DE PRODUCTIVIDAD | ||
| 650 | |a COSTA RICA | ||
| 650 | |a ESTADISTICAS ECONOMICAS | ||
| 700 | |a comp. |a Mora Jiménez, Henry |a comp. |a Vargas Brenes, Juan Rafael |a comp. | ||
| 942 | |2 ddc |c LI |h 02.01.01 C813c |i 02889 |6 020101_C813C_02889 | ||
| 999 | |c 12301 |d 12301 | ||



